00000000nam##2200000za#4500
0019.694907
003CaOODSP
00520210624234331
007cr |||||||||||
008150407|2008||||xxc|||||o    f|0| 0 eng|d
040 |aCaOODSP|beng
043 |an-cn---
0861 |aNH15-83/1-2008E-PDF
1102 |aCanada Mortgage and Housing Corporation.
24510|aMoisture and air : |h[electronic resource]|bhouseholder's guide - problems and remedies
250 |aRevised
260 |aOttawa - Ontario : |bCanada Mortgage and Housing Corporation |c2008, c2004.
300 |a28p.|bcoloured illus.
500 |a"c1982, c1987, c2004, revised 2006, 2008."--Page 2 of 28.
590 |a11-16-Supp|b2011-08-25
69007|aHousing|2gcpds
85640|ahttp://publications.gc.ca|qPDF|s3728 KB|uhttps://publications.gc.ca/collections/collection_2011/schl-cmhc/NH15-83-1-2008-eng.pdf
986 |a61033